LEADER 01214nam a2200265 a 4500 001 000000127086 003 CaOOAMICUS 005 20111116151234.0 008 111116s1954 au u000 u ger r 040 $aPUL$bita 100 1 $aPotthast, August,$d1824-1898.$0(OLS)http://pul/name/9038 245 10$aWegweiser durch die Geschichtswerke des europäischen Mittelalters bis 1500 /$cAugust Potthast. 260 $aGraz :$bAkademische Druck- u. Verlagsanstalt,$c1954. 300 $a2 v. ;$c25 cm 490 1 $aBibliotheca historica medii aevi 500 $aTesto su due colonne. 650 4$aStoria$xFonti.$0(OLS)http://pul/subject/36148 830 0$aBibliotheca historica medii aevi.$0(OLS)http://pul/title/160548 850 $aPUL 852 $aPUL$W1$xDP1 Fondo Maccarrone$y58$m1511 F 1$j146958$av. 1$qFondi$B145652$CPULBib$Z2$F145652 $82 852 $aPUL$W1$xDP1 Fondo Maccarrone$y58$m1511 F 2$j146959$av. 2$qFondi$B145653$CPULBib$Z2$F145653 $82 941 1 $a1 996 $6245$aWegweiser durch die Geschichtswerke des europäischen Mittelalters bis 1500$9(OLS)http://pul/title/160547 996 $6260$aGraz :$bAkademische Druck- u. Verlagsanstalt$9(OLS)http://pul/publisher/48842 LEADER 02951nam a2200397 a 4500 001 000000117551 003 CaOOAMICUS 005 20091022130014.0 008 091022s1562 it u001 u ita r 026 $alaio sou-$bMare cosp (3)$c1562 (R) 026 $anen- a:71$biai- leen (3)$c1562 (R) 040 $aPUL$bita$dARIA 100 1 $aBarros, Joao de,$d1496-1570.$0(OLS)http://pul/name/73349 245 12$aL'Asia del s. Giouanni di Barros, consigliero del christianissimo Re di Portogallo: de' fatti de' Portoghesi nello scoprimento, et conquista de' mari et terre di Oriente. Nuouamente di lingua Portoghese tradotta. Dal s. Alfonso Ulloa. 260 $aIn Venetia :$bappresso Vincenzo Valgrisio,$c1562. 300 $a2 pt. ([10], 200; [8], 228 c. ;$c4° (20 cm) 500 $aSegnatura pt.1: a8 B2 A-Z8 Aa-Bb8. 500 $aInclude indici. 500 $aIniziali xil. 500 $aIn calce al front.: Con privilegio dell'illustrissimo Senato Veneto. 500 $aPresenza di dedicatoria per opera dell'autore all': illustrissimo, et eccellentissimo Principe Guglielmo Gonzaga III. Duca di Mantova, et Marchese di Monferrato, etc., a c. a2 della pt.1. 500 $aSegnatura pt.2: a8 A-Z8 Aa-Ee8 Ff4. 500 $aPresenza di dedicatoria per opera dell'autore al: molto magnifico et nobilissimo Signor mio: il signor Duarte Gomez, gentilhuomo Portoghese etc., a c. a2 della pt.2. 500 $aBianca la c. a8. 500 $aCiascuna parte ha propria cartulazione e proprio frontespizio. 500 $aPresenza di dedicatoria in fine per opera del traduttore a Don Rocco Scarsaborsa. 505 0 $aPt. 1 L' Asia del s. Giovanni di Barros, consigliero del christianissimo Re di Portogallo: de' fatti de' Portoghesi nello scoprimento, & conquista de' mari et terre di Oriente. ... Nuovamente di lingua Portoghese tradotta. Dal s. Alfonso Ulloa -- pt. 2 Dell'Asia la seconda deca del S. Giovanni di Barros consigliero del christianissimo re di Portogallo: de' fatti de' Portoghesi nello scoprimento, et conquista de' mari, et terre di oriente. ... Tradotta in portoghese dal S. Alfonso Ulloa 662 $aItalia$dRoma.$0(OLS)http://pul/subject/34878 700 1 $aUlloa, Alfonso de.$0(OLS)http://pul/name/73352 710 0 $aValgrisi, Vincenzo$4pbl.$0(OLS)http://pul/name/70991 850 $aPUL 852 $aPUL$W1$xDP1 Antico 500$y12$m130 G 23$j134914$qStampati Antico$B133885$CPULBib$Z2$F133885 $82 941 1 $a15 961 $aPrecedenti collocazioni: 4. d. 53.Note mss. in fine.Precedente appartenenza: Collegio Germanico - Bibl. Sup. 996 $6245$aL'Asia del s. Giouanni di Barros, consigliero del christianissimo Re di Portogallo: de' fatti de' Portoghesi nello scoprimento, et conquista de' mari et terre di Oriente. Nuouamente di lingua Portoghese tradotta. Dal s. Alfonso Ulloa.$9(OLS)http://pul/title/147950 996 $6260$aIn Venetia :$bappresso Vincenzo Valgrisio$9(OLS)http://pul/publisher/80820